[Event "KAZ Cup Women 2019"]
[Site "Almaty"]
[Date "2019.12.17"]
[Round "7.1"]
[White "Balabayeva, Xeniya"]
[Black "Dauletova, Gulmira"]
[Result "1/2-1/2"]
[WhiteElo "2119"]
[BlackElo "2250"]
[Annotator "ChessBase"]
[PlyCount "262"]
[EventDate "2019.12.12"]
[EventType "tourn"]
[EventCountry "KAZ"]
[SourceTitle "playchess.com"]
[Source "ChessBase"]
[SourceQuality "1"]
[TimeControl "40/5400+30:1800+30"]

1. e4 {[%emt 0:00:00]} e5 {[%emt 0:03:29]} 2. Nf3 {[%emt 0:00:00]} d6 {[%emt 0:00:07]} 3. d4 {[%emt 0:00:13]} exd4 {[%emt 0:00:09]} 4. Nxd4 {[%emt 0:00:06]} Nf6 {[%emt 0:00:07]} 5. Nc3 {[%emt 0:00:43]} Be7 {[%emt 0:00:08]} 6. Be2 {[%emt 0:02:44]} O-O {[%emt 0:00:10]} 7. Be3 {[%emt 0:01:00]} Re8 {[%emt 0:00:39]} 8. Bf3 {[%emt 0:10:19]} Bf8 {[%emt 0:01:20]} 9. Qe2 {[%emt 0:01:49]} Nbd7 {[%emt 0:04:40]} 10. O-O-O {[%emt 0:05:20]} Nc5 {[%emt 0:10:40]} 11. Nc6 {[%emt 0:06:02]} bxc6 {[%emt 0:00:21]} 12. Bxc5 {[%emt 0:00:04]} Nd7 {[%emt 0:05:20]} 13. Be3 {[%emt 0:03:10]} Ne5 {[%emt 0:03:29]} 14. Qf1 {[%emt 0:09:37]} Bb7 {[%emt 0:25:41]} 15. Be2 {[%emt 0:04:38]} Qc8 {[%emt 0:00:14]} 16. h3 {[%emt 0:04:19]} a5 {[%emt 0:01:55]} 17. f4 {[%emt 0:02:57]} Nd7 {[%emt 0:00:03]} 18. Bg4 {[%emt 0:06:24]} c5 {[%emt 0:05:58]} 19. Bxc5 {[%emt 0:09:27]} Bxe4 {[%emt 0:10:44]} 20. Nxe4 {[%emt 0:04:27]} Rxe4 {[%emt 0:00:03]} 21. Qf3 {[%emt 0:00:54]} Re7 {[%emt 0:02:55]} 22. Bd4 {[%emt 0:01:35]} c6 {[%emt 0:07:55]} 23. h4 {[%emt 0:02:49]} Qb7 {[%emt 0:01:11]} 24. h5 {[%emt 0:03:35]} h6 {[%emt 0:01:15]} 25. Bf5 {[%emt 0:04:22]} Nb6 {[%emt 0:03:59]} 26. g4 {[%emt 0:02:52]} c5 {[%emt 0:00:17]} 27. Qxb7 {[%emt 0:00:57]} Rxb7 {[%emt 0:00:01]} 28. Bc3 {[%emt 0:00:08]} d5 {[%emt 0:00:15]} 29. g5 {[%emt 0:02:31]} Bd6 {[%emt 0:00:30]} 30. Rdf1 {[%emt 0:01:45]} Na4 {[%emt 0:02:44]} 31. gxh6 {[%emt 0:01:31]} Nxc3 {[%emt 0:00:02]} 32. h7+ {[%emt 0:00:09]} Kh8 {[%emt 0:00:01]} 33. bxc3 {[%emt 0:00:05]} Re8 {[%emt 0:01:56]} 34. Rh2 {[%emt 0:02:07]} c4 {[%emt 0:00:41]} 35. Kd2 {[%emt 0:00:59]} Rbe7 {[%emt 0:00:10]} 36. Rff2 {[%emt 0:05:08]} Bc5 {[%emt 0:00:37]} 37. Re2 {[%emt 0:00:36]} Be3+ {[%emt 0:00:41]} 38. Ke1 {[%emt 0:00:06]} Rb8 {[%emt 0:01:31]} 39. Kf1 {[%emt 0:00:55]} Rb1+ {[%emt 0:02:11]} 40. Re1 {[%emt 0:01:32]} Rxe1+ {[%emt 0:01:16]} 41. Kxe1 {[%emt 0:30:05]} Bxf4+ {[%emt 0:31:13]} 42. Re2 {[%emt 0:00:05]} Be3 {[%emt 0:00:31]} 43. Bg4 {[%emt 0:00:00]} Kxh7 {[%emt 0:00:00]} 44. Bf3 {[%emt 0:00:00]} Re5 {[%emt 0:00:00]} 45. Kf1 {[%emt 0:00:00]} g5 {[%emt 0:00:00]} 46. hxg6+ {[%emt 0:00:00]} Kxg6 {[%emt 0:00:00]} 47. Re1 {[%emt 0:00:00]} Kf5 {[%emt 0:00:00]} 48. Rd1 {[%emt 0:00:00]} Ke6 {[%emt 0:00:00]} 49. Rb1 {[%emt 0:00:00]} Bd2 {[%emt 0:04:09]} 50. Rb6+ {[%emt 0:00:00]} Kd7 {[%emt 0:00:01]} 51. Rb5 {[%emt 0:00:00]} Kc6 {[%emt 0:00:01]} 52. Rxa5 {[%emt 0:00:00]} Bxc3 {[%emt 0:00:02]} 53. Ra6+ {[%emt 0:00:00]} Kc5 {[%emt 0:00:34]} 54. Be2 {[%emt 0:00:00]} Rf5+ {[%emt 0:00:41]} 55. Kg2 {[%emt 0:00:12]} Kd4 {[%emt 0:00:11]} 56. Ra3 {[%emt 0:03:29]} Rf6 {[%emt 0:00:23]} 57. Bf3 {[%emt 0:00:53]} Bb4 {[%emt 0:01:27]} 58. Ra7 {[%emt 0:00:59]} Rf5 {[%emt 0:00:24]} 59. Rd7 {[%emt 0:00:29]} f6 {[%emt 0:00:23]} 60. a4 {[%emt 0:00:53]} Be1 {[%emt 0:01:21]} 61. Rd8 {[%emt 0:01:16]} Bd2 {[%emt 0:00:30]} 62. Rd7 {[%emt 0:01:18]} Kc5 {[%emt 0:00:35]} 63. Rb7 {[%emt 0:01:54]} Kc6 {[%emt 0:00:40]} 64. Rb8 {[%emt 0:00:51]} Bc3 {[%emt 0:00:41]} 65. Rd8 {[%emt 0:00:49]} Kc5 {[%emt 0:00:43]} 66. Ra8 {[%emt 0:01:00]} Re5 {[%emt 0:01:25]} 67. a5 {[%emt 0:00:37]} Re1 {[%emt 0:00:49]} 68. a6 {[%emt 0:00:31]} d4 {[%emt 0:00:46]} 69. Rc8+ {[%emt 0:00:30]} Kb6 {[%emt 0:00:08]} 70. Rxc4 {[%emt 0:00:16]} Kxa6 {[%emt 0:00:13]} 71. Rc6+ {[%emt 0:00:05]} Kb5 {[%emt 0:00:10]} 72. Rxf6 {[%emt 0:00:07]} Bd2 {[%emt 0:01:34]} 73. Kf2 {[%emt 0:00:52]} Re3 {[%emt 0:00:45]} 74. Be2+ {[%emt 0:00:21]} Kb4 {[%emt 0:00:05]} 75. Rc6 {[%emt 0:00:41]} Bc3 {[%emt 0:00:23]} 76. Bd3 {[%emt 0:00:15]} Re7 {[%emt 0:00:46]} 77. Rb6+ {[%emt 0:00:15]} Kc5 {[%emt 0:00:35]} 78. Rb5+ {[%emt 0:00:05]} Kc6 {[%emt 0:00:12]} 79. Rh5 {[%emt 0:00:05]} Kd6 {[%emt 0:00:34]} 80. Rf5 {[%emt 0:00:52]} Be1+ {[%emt 0:00:25]} 81. Kf1 {[%emt 0:00:17]} Bg3 {[%emt 0:00:24]} 82. Kg2 {[%emt 0:00:15]} Be5 {[%emt 0:00:04]} 83. Rh5 {[%emt 0:00:24]} Rf7 {[%emt 0:01:08]} 84. Rf5 {[%emt 0:00:05]} Rg7+ {[%emt 0:00:22]} 85. Kf2 {[%emt 0:00:09]} Re7 {[%emt 0:00:29]} 86. Rh5 {[%emt 0:00:09]} Kc5 {[%emt 0:00:08]} 87. Rh7 {[%emt 0:00:40]} Re8 {[%emt 0:00:13]} 88. Rb7 {[%emt 0:00:24]} Rf8+ {[%emt 0:00:28]} 89. Kg2 {[%emt 0:00:15]} Bf4 {[%emt 0:00:28]} 90. Rb5+ {[%emt 0:00:08]} Kd6 {[%emt 0:00:07]} 91. Rf5 {[%emt 0:00:05]} Rg8+ {[%emt 0:00:09]} 92. Kf3 {[%emt 0:00:05]} Be5 {[%emt 0:00:04]} 93. Rh5 {[%emt 0:00:09]} Rg3+ {[%emt 0:00:06]} 94. Kf2 {[%emt 0:00:05]} Re3 {[%emt 0:00:06]} 95. Rf5 {[%emt 0:00:07]} Rh3 {[%emt 0:01:08]} 96. Kg2 {[%emt 0:00:07]} Rh2+ {[%emt 0:00:13]} 97. Kg1 {[%emt 0:00:27]} Rh4 {[%emt 0:01:13]} 98. Kg2 {[%emt 0:00:28]} Ke6 {[%emt 0:00:29]} 99. Rg5 {[%emt 0:00:15]} Bf6 {[%emt 0:01:45]} 100. Rb5 {[%emt 0:00:21]} Be5 {[%emt 0:00:14]} 101. Rb6+ {[%emt 0:00:05]} Bd6 {[%emt 0:00:23]} 102. Rb5 {[%emt 0:00:06]} Rh2+ {[%emt 0:01:20]} 103. Kf3 {[%emt 0:00:17]} Rh3+ {[%emt 0:00:13]} 104. Ke4 {[%emt 0:00:52]} Rh4+ {[%emt 0:00:03]} 105. Kf3 {[%emt 0:00:04]} Rf4+ {[%emt 0:00:07]} 106. Kg2 {[%emt 0:00:04]} Be5 {[%emt 0:00:16]} 107. Rb6+ {[%emt 0:00:08]} Bd6 {[%emt 0:00:15]} 108. Rb5 {[%emt 0:00:05]} Rh4 {[%emt 0:00:23]} 109. Bc4+ {[%emt 0:00:21]} Kf6 {[%emt 0:00:23]} 110. Bd3 {[%emt 0:00:04]} Be5 {[%emt 0:00:12]} 111. Kf3 {[%emt 0:00:22]} Rf4+ {[%emt 0:01:11]} 112. Kg2 Rg4+ {[%emt 0:00:58]} 113. Kf3 {[%emt 0:00:18]} Rh4 {[%emt 0:00:05]} 114. Kg2 {[%emt 0:00:38]} Ke6 {[%emt 0:00:26]} 115. Rb6+ {[%emt 0:00:05]} Kd5 {[%emt 0:00:38]} 116. Rb5+ {[%emt 0:00:05]} Ke6 {[%emt 0:00:24]} 117. Rb6+ {[%emt 0:00:03]} Ke7 {[%emt 0:00:05]} 118. Kf3 {[%emt 0:00:17]} Bd6 {[%emt 0:00:34]} 119. Ra6 {[%emt 0:00:29]} Rf4+ {[%emt 0:00:08]} 120. Kg2 {[%emt 0:00:06]} Ke6 {[%emt 0:01:31]} 121. Ra5 {[%emt 0:00:35]} Rf8 {[%emt 0:00:47]} 122. Rb5 {[%emt 0:00:12]} Be5 {[%emt 0:00:19]} 123. Rb6+ {[%emt 0:00:05]} Ke7 {[%emt 0:00:41]} 124. Ra6 {[%emt 0:00:10]} Bd6 {[%emt 0:01:11]} 125. Rb6 {[%emt 0:00:15]} Rf6 {[%emt 0:00:33]} 126. Rb7+ {[%emt 0:00:15]} Ke6 {[%emt 0:00:13]} 127. Rb5 {[%emt 0:00:07]} Rh6 {[%emt 0:01:02]} 128. Ra5 {[%emt 0:00:25]} Rh8 {[%emt 0:00:29]} 129. Rb5 {[%emt 0:00:09]} Be5 {[%emt 0:00:37]} 130. Rb6+ {[%emt 0:00:07]} Ke7 {[%emt 0:00:27]} 131. Ra6 {[%emt 0:00:11]} Kf7 {[%emt 0:00:28]} 1/2-1/2

[Event "KAZ Cup Women 2019"]
[Site "Almaty"]
[Date "2019.12.17"]
[Round "7.2"]
[White "Kim, Kristina"]
[Black "Khomeriki, Nino"]
[Result "0-1"]
[WhiteElo "1975"]
[BlackElo "2355"]
[Annotator "TA"]
[PlyCount "86"]
[EventDate "2019.12.12"]
[EventType "tourn"]
[EventCountry "KAZ"]
[SourceTitle "playchess.com"]
[Source "ChessBase"]
[SourceQuality "1"]

{[%evp 11,86,13,13,10,13,8,8,9,7,0,7,-28,0,1,9,0,0,0,35,24,60,25,13,12,14,13,16,22,30,18,41,29,125,12,6,15,16,11,18,29,108,104,93,-143,-146,-295,-289,-279,-293,-295,-290,-256,-210,-211,-205,-387,-385,-367,-352,-451,-446,-447,-445,-618,-608,-595,-602,-1159,-1088,-1899,-1907,-2064,-2077,-1106,-1025,-29976,-29973]} 1. d4 d5 2. Bf4 c5 3. e3 Nc6 4. Nf3 Nf6 5. Nbd2 Bg4 6. c3 e6 7. Bb5 {D02: 1 d4 d5 2 Nf3 sidelines, including 2...Nf6 3 g3 and 2...Nf6 3 Bf4} (7. Qa4 Nd7 8. Ne5 Ndxe5 9. Bxe5 cxd4 10. Bb5 dxe3 11. Bxc6+ bxc6 12. Qxc6+ Ke7 13. fxe3 f6 14. O-O Kf7 {½-½ (36) Sjugirov,S (2667)-Sakaev,K (2584) Yaroslavl 2019}) 7... cxd4 8. exd4 Bd6 9. Bxd6 {The position is equal.} Qxd6 10. Qa4 O-O 11. Bxc6 {Bb5 is the strong threat.} bxc6 (11... Bxf3 $5 12. Nxf3 bxc6 $11) 12. Ne5 Rfc8 13. O-O $146 ({Predecessor:} 13. Nxg4 Nxg4 14. h3 Nf6 15. O-O {1-0 (30) Desormes,O (1760)-Nal,P (1654) Budapest 2011}) 13... Bf5 14. Rfe1 h6 15. Nb3 Bc2 16. Re2 Bxb3 17. axb3 {[%cal Ba2b3,Bb3b4][%mdl 32]} c5 18. dxc5 Qxc5 19. b4 Qd6 20. Qa6 $36 {[%mdl 2048] White has good play.} Qb6 21. Ree1 d4 (21... Ne4 $11 22. Nd3 Rcb8) 22. Qxb6 (22. b5 $1 $16) 22... axb6 $11 23. c4 Rxa1 24. Rxa1 {[%mdl 4096] Endgame KRN-KRN} Ne4 25. Rd1 f6 (25... Nd6 $1 $11) 26. Rxd4 $16 Ra8 {( -> ...Ra1+)} 27. g3 $2 {[#]} (27. Kf1 $16) 27... Ng5 $1 $17 28. Nc6 (28. Rd6 $17 {was worth a try.} fxe5 29. Rxb6) 28... Nf3+ $19 {[%mdl 64] Double Attack} 29. Kg2 Nxd4 30. Nxd4 {KR-KN} Ra4 31. Nc6 Kf7 32. c5 {[#]} b5 $1 33. Kf3 $2 (33. b3 Ra3 34. Nd4) 33... Ke8 34. b3 Ra3 35. Na5 Kd7 36. Ke3 Kc7 37. h4 h5 38. Kf4 Ra2 39. f3 Rg2 40. g4 e5+ 41. Kf5 hxg4 42. fxg4 Rf2+ 43. Kg6 e4 {Accuracy: White = 26%, Black = 64%.} 0-1

[Event "KAZ Cup Women 2019"]
[Site "Almaty"]
[Date "2019.12.17"]
[Round "7.3"]
[White "Ankudinova, Yelena"]
[Black "Davletbayeva, Madina"]
[Result "1-0"]
[WhiteElo "2093"]
[BlackElo "2238"]
[Annotator "TA"]
[PlyCount "69"]
[EventDate "2019.12.12"]
[EventType "tourn"]
[EventCountry "KAZ"]
[SourceTitle "playchess.com"]
[Source "ChessBase"]
[SourceQuality "1"]

{[%evp 13,69,15,29,10,36,0,0,0,9,0,0,-1,9,9,18,22,18,13,22,0,5,0,40,12,24,0,0,-29,0,0,0,0,0,0,0,0,0,-2,0,0,0,0,0,0,0,0,0,0,0,0,287,264,693,543,522,458,29998,29999]} 1. c4 e5 2. g3 Nf6 3. Bg2 Nc6 4. Nc3 Bb4 5. Nd5 a5 6. Nf3 O-O 7. O-O Re8 8. d3 {A29: English Opening: Four Knights Variation with 4 g3} h6 (8... Nxd5 9. cxd5 Nd4 10. Nxd4 exd4 11. e4 c6 12. Bf4 cxd5 13. a3 Bc5 14. b4 Bf8 15. exd5 d6 16. bxa5 Qxa5 {½-½ (60) Carlsen,M (2845)-Naiditsch,A (2695) Karlsruhe/Baden Baden 2019}) 9. d4 $146 (9. a3 {seems wilder.} Bc5 10. Bd2 d6 11. b4 Ba7 12. b5) ({Predecessor:} 9. a3 Bc5 10. e3 d6 11. b3 Nxd5 12. cxd5 Ne7 13. d4 exd4 14. Nxd4 Nf5 15. Ne2 Bd7 {1-0 (44) Ding,L (2717)-Zeng,C (2520) Xinghua 2014}) 9... Nxd5 10. cxd5 {The position is equal.} Nxd4 11. Nxd4 exd4 12. Qxd4 d6 13. e3 Bd7 14. b3 Bc5 15. Qd2 Qg5 16. h4 Qg4 17. Bb2 Bf5 18. a3 Be4 19. Qc3 f6 20. Rfd1 Bf3 21. Rd3 Re4 22. Re1 Bb6 23. Qc2 Rae8 24. Bxf3 Qxf3 25. Qd1 Qf5 26. Kg2 Qg6 27. h5 $36 {[%mdl 2048] White has the initiative.} Qg5 28. Qf3 Rh4 29. Rh1 Ree4 30. Rdd1 Rxh1 31. Rxh1 Re8 $2 {[%mdl 8192] [#]} (31... Qxd5 $11 32. Rh4 f5) 32. Rh4 $1 $18 {[%cal Rh4g4] Black must now prevent Rg4.} Kh8 $2 (32... f5 33. Rf4 Qe7 34. Rxf5 Qd7) 33. Rg4 Qxh5 {[#]} 34. Bxf6 $1 {[%mdl 512]} gxf6 (34... Qxg4 $18 35. Qxg4 gxf6) 35. Qxf6+ {Accuracy: White = 69%, Black = 42%.} 1-0

[Event "KAZ Cup Women 2019"]
[Site "Almaty"]
[Date "2019.12.17"]
[Round "7.4"]
[White "Gevorgyan, Maria"]
[Black "Tomilova, Elena"]
[Result "0-1"]
[WhiteElo "2255"]
[BlackElo "2341"]
[Annotator "ChessBase"]
[PlyCount "116"]
[EventDate "2019.12.12"]
[EventType "tourn"]
[EventCountry "KAZ"]
[SourceTitle "playchess.com"]
[Source "ChessBase"]
[SourceQuality "1"]
[TimeControl "40/5400+30:1800+30"]

1. e4 {[%emt 0:00:21]} e6 {[%emt 0:00:00]} 2. d4 {[%emt 0:00:18]} d5 {[%emt 0:00:00]} 3. Nc3 {[%emt 0:00:29]} Nf6 {[%emt 0:00:00]} 4. e5 {[%emt 0:00:04]} Nfd7 {[%emt 0:00:00]} 5. f4 {[%emt 0:00:04]} c5 {[%emt 0:00:03]} 6. Nf3 {[%emt 0:00:05]} Nc6 {[%emt 0:00:04]} 7. Be3 {[%emt 0:00:03]} cxd4 {[%emt 0:00:22]} 8. Nxd4 {[%emt 0:00:05]} Bc5 {[%emt 0:00:04]} 9. Qd2 {[%emt 0:00:02]} O-O {[%emt 0:00:44]} 10. Be2 {[%emt 0:01:13]} a6 {[%emt 0:04:20]} 11. O-O-O {[%emt 0:06:59]} Bxd4 {[%emt 0:00:23]} 12. Bxd4 {[%emt 0:00:05]} b5 {[%emt 0:00:10]} 13. Bf3 {[%emt 0:05:31]} b4 {[%emt 0:01:22]} 14. Nxd5 {[%emt 0:06:50]} exd5 {[%emt 0:05:34]} 15. Bxd5 {[%emt 0:00:05]} Qc7 {[%emt 0:08:36]} 16. f5 {[%emt 0:15:16]} Nxd4 {[%emt 0:12:25]} 17. Qxd4 {[%emt 0:09:47]} Rb8 {[%emt 0:02:01]} 18. e6 {[%emt 0:05:51]} Nf6 {[%emt 0:01:09]} 19. exf7+ {[%emt 0:00:19]} Kh8 {[%emt 0:00:16]} 20. Be6 {[%emt 0:03:56]} a5 {[%emt 0:10:18]} 21. g4 {[%emt 0:03:47]} Bb7 {[%emt 0:06:20]} 22. Rhg1 {[%emt 0:05:09]} Bf3 {[%emt 0:14:08]} 23. Rd2 {[%emt 0:02:45]} Rbd8 {[%emt 0:02:11]} 24. Qe3 {[%emt 0:00:40]} Rxd2 {[%emt 0:01:34]} 25. Qxd2 {[%emt 0:00:05]} Qc5 {[%emt 0:08:10]} 26. Qe1 {[%emt 0:05:12]} Be4 {[%emt 0:07:56]} 27. Bb3 {[%emt 0:04:27]} Rxf7 {[%emt 0:01:46]} 28. g5 {[%emt 0:09:32]} Nd5 {[%emt 0:00:34]} 29. g6 {[%emt 0:02:29]} Re7 {[%emt 0:00:44]} 30. Qg3 {[%emt 0:01:12]} Qe3+ {[%emt 0:01:31]} 31. Qxe3 {[%emt 0:00:02]} Nxe3 {[%emt 0:00:03]} 32. f6 {[%emt 0:00:17]} gxf6 {[%emt 0:01:31]} 33. g7+ {[%emt 0:00:19]} Rxg7 {[%emt 0:00:04]} 34. Re1 {[%emt 0:00:02]} a4 {[%emt 0:00:59]} 35. Bxa4 {[%emt 0:01:40]} Nc4 {[%emt 0:00:56]} 36. Bb3 {[%emt 0:06:03]} Nd6 {[%emt 0:00:41]} 37. Rd1 {[%emt 0:00:58]} Bf3 {[%emt 0:03:53]} 38. Rf1 {[%emt 0:00:31]} Ne4 {[%emt 0:00:06]} 39. Bc4 {[%emt 0:01:20]} Bg2 {[%emt 0:00:30]} 40. Rd1 {[%emt 0:00:57]} Rg6 {[%emt 0:02:20]} 41. Bf7 {[%emt 0:30:05]} Rg5 {[%emt 0:30:52]} 42. h4 {[%emt 0:00:15]} Rg3 {[%emt 0:00:23]} 43. a4 {[%emt 0:04:13]} bxa3 {[%emt 0:01:06]} 44. bxa3 {[%emt 0:00:09]} Rxa3 {[%emt 0:00:00]} 45. Rd7 {[%emt 0:00:00]} f5 {[%emt 0:00:00]} 46. Bd5 {[%emt 0:00:00]} Ra1+ {[%emt 0:00:00]} 47. Kb2 {[%emt 0:00:00]} Rd1 {[%emt 0:00:00]} 48. Rd8+ {[%emt 0:00:00]} Kg7 {[%emt 0:00:00]} 49. Rg8+ {[%emt 0:00:00]} Kf6 {[%emt 0:00:00]} 50. c4 {[%emt 0:00:00]} Rd2+ {[%emt 0:00:00]} 51. Kc1 {[%emt 0:00:00]} Ra2 {[%emt 0:00:00]} 52. Rh8 {[%emt 0:00:00]} Ke5 {[%emt 0:00:00]} 53. Rxh7 {[%emt 0:00:00]} Kd4 {[%emt 0:00:00]} 54. Rb7 {[%emt 0:00:00]} Kc3 {[%emt 0:00:00]} 55. Kb1 {[%emt 0:00:00]} Re2 {[%emt 0:00:42]} 56. Rb5 {[%emt 0:00:00]} Nd2+ {[%emt 0:00:27]} 57. Ka2 {[%emt 0:00:00]} Nb3+ {[%emt 0:01:33]} 58. Ka3 {[%emt 0:00:00]} Nc1 {[%emt 0:00:17]} 0-1

[Event "KAZ Cup Women 2019"]
[Site "Almaty"]
[Date "2019.12.17"]
[Round "7.5"]
[White "Nakhbayeva, Guliskhan"]
[Black "Gvetadze, Sofio"]
[Result "1-0"]
[WhiteElo "2296"]
[BlackElo "2301"]
[Annotator "TA"]
[PlyCount "83"]
[EventDate "2019.12.12"]
[EventType "tourn"]
[EventCountry "KAZ"]
[SourceTitle "playchess.com"]
[Source "ChessBase"]
[SourceQuality "1"]

{[%evp 12,83,18,9,9,0,6,16,14,13,15,15,37,33,35,43,54,51,68,60,52,37,54,52,68,62,58,46,66,41,37,33,39,42,40,28,28,21,49,16,22,25,35,9,87,99,110,107,246,98,97,97,146,145,146,149,144,145,259,260,293,289,289,208,214,83,848,850,832,743,5916,1827,1530,1486]} 1. d4 Nf6 2. c4 e6 3. Nc3 Bb4 4. e3 O-O 5. Bd3 c5 6. Nf3 d5 7. cxd5 exd5 {E53: Nimzo-Indian: Rubinstein: Main Line (4...0-0 5 Nf3 d5 6 Bd3 c5 7 0-0)} 8. dxc5 Nbd7 9. O-O Nxc5 {The position is equal.} 10. Ne2 Nxd3 11. Qxd3 Bg4 12. Nfd4 Bd6 13. b3 {[#]} Be6 $146 ({Predecessor:} 13... Bh5 14. Nf4 Bg6 15. Nxg6 hxg6 {1-0 (47) Navara,D (2737)-Hou,Y (2666) Biel 2017}) 14. Bb2 a6 15. Rac1 Re8 16. Rc2 Qd7 17. Rfc1 Ne4 18. Nf4 Nf6 19. h3 Rad8 20. b4 Rc8 21. Ndxe6 (21. Rxc8 {is interesting.} Rxc8 22. Rd1 Ne8 23. b5 axb5 24. Nxb5 Bxf4 25. exf4 Ra8 26. Nc3) 21... Rxc2 22. Qxc2 fxe6 23. Nd3 e5 24. a3 Qf7 25. Nc5 Bb8 26. Qf5 h6 27. h4 d4 (27... Bd6 $11) 28. exd4 $16 exd4 29. g3 ({Avoid the trap} 29. Bxd4 $2 {[#]} Qc4 $1 $19 {[%mdl 512]}) 29... Qa2 (29... Rd8 $16 {was worth a try.}) 30. Nd7 (30. Bxd4 $18 {and the rest is easy.} b6 31. Nxa6) 30... Nxd7 31. Qxd7 {[%mdl 64] [#] Double Attack} Rf8 32. Bxd4 $40 {[%csl Gd4][%cal Rd7g7][%mdl 128] White wants a kill.} Qf7 33. Qg4 h5 34. Qg5 Bd6 (34... Qd7 $16 {keeps fighting.}) 35. Re1 $18 {Hoping for Re6!} Kh7 36. Re6 Rd8 37. Qd5 {aiming for Rh6+!} Kg8 {Black wants to play ...Be7.} 38. Bxg7 (38. Qe4 $18 {has better winning chances.}) 38... Bc7 $2 {[%mdl 8192]} (38... Be7 $16 39. Qe4 Rd1+ 40. Kg2 Rd2) 39. Qe4 {White is clearly winning.} ({And not} 39. Qb3 Rd6 $17) 39... Bxg3 40. Bd4 ({Don't go for} 40. fxg3 $2 Rd1+ 41. Kh2 Rd2+ 42. Qe2 Rxe2+ 43. Rxe2 Kxg7 $19) 40... Bd6 41. Rg6+ (41. Rh6 $142 Bh2+ 42. Kxh2 Rxd4 43. Qxd4 Qc7+ 44. Kh3) 41... Kf8 42. Rf6 {Accuracy: White = 51%, Black = 39%.} 1-0

[Event "KAZ Cup Women 2019"]
[Site "Almaty"]
[Date "2019.12.18"]
[Round "8.1"]
[White "Dauletova, Gulmira"]
[Black "Gvetadze, Sofio"]
[Result "*"]
[WhiteElo "2250"]
[BlackElo "2301"]
[Annotator "TA"]
[PlyCount "38"]
[EventDate "2019.12.12"]
[EventType "tourn"]
[EventCountry "KAZ"]
[SourceTitle "playchess.com"]
[Source "ChessBase"]
[SourceQuality "1"]

{[%evp 21,29,47,50,25,19,18,26,24,30,0]} 1. e4 c5 2. Nf3 Nc6 3. d4 cxd4 4. Nxd4 g6 5. c4 Bg7 6. Be3 Nf6 7. Nc3 Ng4 8. Qxg4 Nxd4 9. Qd1 e5 10. Bd3 O-O 11. O-O d6 12. Nb5 {B39: Sicilian: Maroczy Bind with 5...Bg7 and 7...Ng4} (12. a4 Be6 13. a5 Qd7 14. Qa4 Qxa4 15. Rxa4 Rfc8 16. Nd5 Bxd5 17. exd5 Re8 18. Re1 f5 19. Kf1 Kf7 20. b4 {1-0 (67) Saric,I (2657)-Navara,D (2737) Batumi 2018}) 12... Nxb5 13. cxb5 d5 14. exd5 Qxd5 15. Qc2 {Predecessor:} e4 $146 16. Bxe4 Qxb5 17. a4 Qe5 18. Rfd1 Re8 19. Bd5 Bg4 {1-0 (31) Pogorelov,R (2474)-Sgnaolin,D (2220) Seville 2010} *

[Event "KAZ Cup Women 2019"]
[Site "Almaty"]
[Date "2019.12.18"]
[Round "8.1"]
[White "Dauletova, Gulmira"]
[Black "Gvetadze, Sofio"]
[Result "1/2-1/2"]
[WhiteElo "2250"]
[BlackElo "2301"]
[Annotator "TA"]
[PlyCount "126"]
[EventDate "2019.12.12"]
[EventType "tourn"]
[EventCountry "KAZ"]
[SourceTitle "playchess.com"]
[Source "ChessBase"]
[SourceQuality "1"]

{[%evp 21,126,52,55,16,16,14,16,24,23,0,29,7,7,6,8,12,10,0,13,1,8,5,27,16,45,43,45,45,40,23,50,20,18,7,9,0,0,7,0,0,14,0,0,0,0,0,0,0,0,0,0,0,0,0,0,0,0,-8,-8,-10,-5,-8,0,-4,0,0,0,0,0,0,0,0,0,0,0,0,0,0,0,0,0,0,0,0,0,0,0,0,0,0,0,0,0,0,0,0,0,0,0,-8,0,0,0,0,0,0,0]} 1. e4 c5 2. Nf3 Nc6 3. d4 cxd4 4. Nxd4 g6 5. c4 Bg7 6. Be3 Nf6 7. Nc3 Ng4 8. Qxg4 Nxd4 9. Qd1 e5 10. Bd3 O-O 11. O-O d6 12. Nb5 {B39: Sicilian: Maroczy Bind with 5...Bg7 and 7...Ng4} (12. a4 Be6 13. a5 Qd7 14. Qa4 Qxa4 15. Rxa4 Rfc8 16. Nd5 Bxd5 17. exd5 Re8 18. Re1 f5 19. Kf1 Kf7 20. b4 {1-0 (67) Saric,I (2657)-Navara,D (2737) Batumi 2018}) 12... Nxb5 13. cxb5 d5 14. exd5 Qxd5 15. Qc2 e4 16. Bxe4 Qxb5 17. a4 Qxb2 $146 ({Predecessor:} 17... Qe5 18. Rfd1 Re8 19. Bd5 Bg4 {1-0 (31) Pogorelov,R (2474)-Sgnaolin,D (2220) Seville 2010}) 18. Qxb2 Bxb2 19. Rab1 Bf6 20. Bxb7 Bxb7 21. Rxb7 Rfb8 22. Rfb1 Rxb7 23. Rxb7 $11 {[%mdl 4096] Endgame KRB-KRB} a5 24. Kf1 Bc3 25. Ke2 Rd8 26. Bh6 Bb4 {The position is equal.} 27. Ra7 Rc8 28. g4 f6 29. Rg7+ Kh8 30. Rf7 Rc2+ 31. Kf1 Kg8 32. Rg7+ Kh8 33. Rf7 Ra2 34. Rxf6 Kg8 35. h4 Rxa4 36. Rf4 Ra1+ 37. Kg2 Be7 38. Bg5 Bf8 39. Bf6 Rb1 40. Bc3 Bb4 41. Be5 a4 42. Rf6 Be7 43. Ra6 Rb4 44. Kg3 Kf7 45. g5 Rb3+ 46. Kg4 a3 47. f4 Rb1 48. Kf3 Rh1 49. Ke4 Rxh4 50. Ra7 Ke6 51. Ra6+ Kf7 52. Ra7 Rh1 53. Bf6 Re1+ 54. Kd3 {[#]} a2 $1 {[%mdl 512]} 55. Bc3 (55. Rxa2 Bxf6) 55... Rf1 {Strongly threatening ...Rf3+.} 56. Ke4 Rc1 57. Bf6 Kg8 {And now ...Bxf6 would win.} 58. Ra8+ Kf7 59. Ra7 Re1+ 60. Kd3 Ke8 {[#] Hoping for ...Bxf6.} 61. Ra8+ Kd7 {Threatens to win with ...Bxf6.} 62. Ra7+ Ke8 {White must now prevent ...Bxf6.} 63. Ra8+ Kf7 {Accuracy: White = 71%, Black = 73%.} 1/2-1/2